Vplyv obchodnej vojny medzi USA a Čínou na výmenný kurz USD/CNY diplomová práca

Na minha lista:
Detalhes bibliográficos
Autor principal: Brezinová, Barbara
Autor Corporativo: Národohospodárska fakulta EU. Katedra bankovníctva a medzinárodných financií
Outros Autores: Šturc, Boris, 1961-
Formato: Livro
Idioma:eslovaco
Publicado em: Bratislava 2022
Tags: Adicionar Tag
Sem tags, seja o primeiro a adicionar uma tag!

MARC

LEADER 00000nbm a2200000 4500
001 0283971
005 20221007143547.5
041 0 |a slo 
044 |a SK 
245 1 0 |a Vplyv obchodnej vojny medzi USA a Čínou na výmenný kurz USD/CNY  |b diplomová práca  |c Barbara Brezinová ; školiteľ: Boris Šturc 
264 1 |a Bratislava  |c 2022 
300 |a 70 s. 
100 1 |a Brezinová, Barbara 
700 1 |a Šturc, Boris, 1961- 
710 2 |a Národohospodárska fakulta EU. Katedra bankovníctva a medzinárodných financií